Problematika vlastného imania podľa Slovenskej právnej úpravy, IAS/IFRS a US GAAP diplomová práca

Na minha lista:
Detalhes bibliográficos
Autor principal: Asztalos, Alexander
Autor Corporativo: Fakulta hospodárskej informatiky EU. Katedra účtovníctva a audítorstva
Outros Autores: Mateášová, Martina, 1979-
Formato: Livro
Idioma:eslovaco
Publicado em: Bratislava 2009
Tags: Adicionar Tag
Sem tags, seja o primeiro a adicionar uma tag!

MARC

LEADER 00000nam$a2200000$$$4500
001 0097314
005 20240318134850.1
041 0 |a slo 
044 |a SK 
245 1 0 |a Problematika vlastného imania podľa Slovenskej právnej úpravy, IAS/IFRS a US GAAP  |b diplomová práca  |c Alexander Asztalos ; škol. Martina Mateášová 
264 1 |a Bratislava  |c 2009 
300 |a 65 s. 
100 1 |a Asztalos, Alexander 
700 1 |a Mateášová, Martina, 1979- 
710 2 |a Fakulta hospodárskej informatiky EU. Katedra účtovníctva a audítorstva